Heterogeneous catalysis at nanoscale for energy applications / (Record no. 356010)

000 -LEADER
fixed length control field 02384cam a2200373 i 4500
001 - CONTROL NUMBER
control field 18262799
003 - CONTROL NUMBER IDENTIFIER
control field USPCAS-E
005 - DATE AND TIME OF LATEST TRANSACTION
control field 20180118181420.0
008 - FIXED-LENGTH DATA ELEMENTS--GENERAL INFORMATION
fixed length control field 140811s2015 njuaf b 001 0 eng
010 ## - LIBRARY OF CONGRESS CONTROL NUMBER
LC control number 2014032168
020 ## - INTERNATIONAL STANDARD BOOK NUMBER
International Standard Book Number 9780470952603
040 ## - CATALOGING SOURCE
Original cataloging agency DLC
Language of cataloging eng
Transcribing agency DLC
Description conventions rda
Modifying agency DLC
042 ## - AUTHENTICATION CODE
Authentication code pcc
050 00 - LIBRARY OF CONGRESS CALL NUMBER
Classification number QD505
Item number .T36 2015
082 00 - DEWEY DECIMAL CLASSIFICATION NUMBER
Classification number 621.3101541395
Edition number 23
Author Mark HET 2015
084 ## - OTHER CLASSIFICATION NUMBER
Classification number SCI013050
Number source bisacsh
245 00 - TITLE STATEMENT
Title Heterogeneous catalysis at nanoscale for energy applications /
Statement of responsibility, etc. edited by Franklin (Feng) Tao, William F. Schneider, Prashant V. Kamat.
300 ## - PHYSICAL DESCRIPTION
Extent xv, 326 pages, 16 unnumbered pages of plates :
Other physical details illustrations (some color) ;
Dimensions 25 cm
502 ## - DISSERTATION NOTE
Dissertation note .
504 ## - BIBLIOGRAPHY, ETC. NOTE
Bibliography, etc. note Includes bibliographical references and index.
520 ## - SUMMARY, ETC.
Summary, etc. "A key technology in the chemical and energy industries, heterogeneous catalysis is growing in importance owing to its potential for solving global energy problems. This volume covers both fundamental concepts and recent advances in the field, offering an in-depth look at the synthesis and characterization of nanocatalysts as well as a mechanistic understanding of catalysis at atomic level for important processes of energy conversion. Comprehensive and authoritative, the book provides scientists and engineers with a foundation for pioneering the next technical catalysts for energy efficient technologies"--
520 ## - SUMMARY, ETC.
Summary, etc. "Covers both fundamental concepts and recent advances in the field of heterogeneous catalysis, offering an in-depth look at the synthesis and characterization of nanocatalysts as well as a mechanistic understanding of catalysis at the atomic level for important processes of energy conversion"--
650 #0 - SUBJECT ADDED ENTRY--TOPICAL TERM
Topical term or geographic name entry element Heterogeneous catalysis.
650 #0 - SUBJECT ADDED ENTRY--TOPICAL TERM
Topical term or geographic name entry element Energy conversion.
650 #0 - SUBJECT ADDED ENTRY--TOPICAL TERM
Topical term or geographic name entry element Nanochemistry.
650 #7 - SUBJECT ADDED ENTRY--TOPICAL TERM
Topical term or geographic name entry element SCIENCE / Chemistry / Physical & Theoretical.
Source of heading or term bisacsh
700 1# - ADDED ENTRY--PERSONAL NAME
Personal name Tao, Feng,
Dates associated with a name 1971-
Relator term editor.
700 1# - ADDED ENTRY--PERSONAL NAME
Personal name Schneider, William F.,
Dates associated with a name 1964-
Relator term editor.
700 1# - ADDED ENTRY--PERSONAL NAME
Personal name Kamat, Prashant V.,
Relator term editor.
776 08 - ADDITIONAL PHYSICAL FORM ENTRY
Relationship information Online version:
Title Heterogeneous catalysis at nanoscale for energy applications
Place, publisher, and date of publication Hobokrn, New Jersey : Wiley, 2014
International Standard Book Number 9781118843529
Record control number (DLC) 2014032523
906 ## - LOCAL DATA ELEMENT F, LDF (RLIN)
a 7
b cbc
c orignew
d 1
e ecip
f 20
g y-gencatlg
942 ## - ADDED ENTRY ELEMENTS (KOHA)
Source of classification or shelving scheme
Koha item type Book
Holdings
Withdrawn status Lost status Source of classification or shelving scheme Damaged status Not for loan Collection code Permanent Location Current Location Shelving location Date acquired Source of acquisition Cost, normal purchase price Total Checkouts Full call number Barcode Date last seen Price effective from Koha item type
            US-Pakistan Center for Advanced Studies in Energy (USPCAS-E) US-Pakistan Center for Advanced Studies in Energy (USPCAS-E)   02/02/2016 Golden books 11404.00   621.3101541395 HET 2015 CAS-E0001273 02/02/2016 02/02/2016 Book
© 2023 Central Library, National University of Sciences and Technology. All Rights Reserved.